[Event "ODJM B 2017"]
[Site "Willingen GER"]
[Date "2017.06.04"]
[Round "1"]
[White "Frank, Marian"]
[Black "Reyher, Susan"]
[Result "0-1"]
[Termination "normal"]
[Board "1"]
[WhiteElo "1343"]
[BlackElo "1715"]
[WhiteClock "00:59:23"]
[BlackClock "00:57:26"]
[PlyCount "74"]
[WhiteFideId "16245059"]
[BlackFideId "24686107"]
[EventCountry "GER"]
[EventRounds "9"]
[EventType "swiss"]
[EventDate "2017.06.03"]

1. e4 e5 2. Nf3 Nf6 3. Nc3 Nc6 4. Bc4 Bc5 5. d3 d6 6. h3 Be6 7. Bb3 Qd7 8. Be3
Bb6 9. Qd2 O-O-O 10. Bxb6 axb6 11. Ng5 d5 12. Nxe6 fxe6 13. exd5 exd5 14. O-O-O
Nd4 15. Rhe1 Nxb3+ 16. cxb3 Rhe8 17. Re2 Qc6 18. Kb1 e4 19. Rde1 Rd6 20. Qc2
Rde6 21. dxe4 d4 22. e5 Nd7 23. Nd1 Qxc2+ 24. Kxc2 Rxe5 25. Rxe5 Rxe5 26. Rxe5
Nxe5 27. f4 Ng6 28. g3 Kd7 29. Kd3 c5 30. Nf2 Ke6 31. Ne4 Kd5 32. Nd2 h5 33.
Nc4 b5 34. Nd2 h4 35. gxh4 Nxf4+ 36. Kc2 d3+ 37. Kc3 b4# 0-1

[Event "ODJM B 2017"]
[Site "Willingen GER"]
[Date "2017.06.04"]
[Round "1"]
[White "Ding, Zheheng"]
[Black "Schulter, Moritz"]
[Result "0-1"]
[Termination "normal"]
[Board "2"]
[WhiteElo "1800"]
[BlackElo "1324"]
[WhiteClock "00:21:44"]
[BlackClock "01:08:22"]
[PlyCount "96"]
[WhiteFideId "16240413"]
[BlackFideId "16245067"]
[EventCountry "GER"]
[EventRounds "9"]
[EventType "swiss"]
[EventDate "2017.06.03"]

1. e4 e5 2. Nf3 Nc6 3. Bb5 d6 4. O-O Nf6 5. Re1 Bd7 6. c3 a6 7. Ba4 g6 8. d4
Bg7 9. Bxc6 Bxc6 10. dxe5 dxe5 11. Qxd8+ Rxd8 12. Nxe5 Bxe4 13. f3 O-O 14. fxe4
Rfe8 15. Nf3 Rxe4 16. Rxe4 Nxe4 17. Nbd2 f5 18. Nxe4 Rd1+ 19. Kf2 fxe4 20. Ng1
e3+ 21. Kxe3 Rxg1 22. Kf2 Rh1 23. a3 Bh6 24. Bxh6 Rxa1 25. Bf4 c6 26. c4 Rb1
27. Be5 Rc1 28. Bc3 Rc2+ 29. Kf3 Kf7 30. h4 Ke6 31. g4 Rc1 32. Kf4 Rf1+ 33. Kg5
Rh1 34. a4 Rh3 35. a5 Re3 36. Kf4 Re2 37. Kg5 Re4 38. c5 Rc4 39. h5 gxh5 40.
Kxh5 Rxc5+ 41. Kh6 Kf7 42. g5 Rf5 43. Kh5 Rf2 44. Kg4 Kg6 45. Kg3 Rf5 46. Bd2
Rb5 47. b4 Rxg5+ 48. Kf3 Rd5 0-1

[Event "ODJM B 2017"]
[Site "Willingen GER"]
[Date "2017.06.04"]
[Round "1"]
[White "Grone, Lion"]
[Black "Wagner, Margarethe"]
[Result "1-0"]
[Termination "normal"]
[Board "4"]
[WhiteElo "1545"]
[BlackElo "1293"]
[WhiteClock "00:12:15"]
[BlackClock "00:01:03"]
[PlyCount "77"]
[WhiteFideId "16245032"]
[BlackFideId "16236947"]
[EventCountry "GER"]
[EventRounds "9"]
[EventType "swiss"]
[EventDate "2017.06.03"]

1. e4 c5 2. Nf3 Nc6 3. Bb5 g6 4. O-O Bg7 5. Re1 e5 6. c3 Nge7 7. Na3 O-O 8. Nc2
Qb6 9. Bf1 d6 10. d3 h6 11. Ne3 Be6 12. Qc2 Rad8 13. g3 Qc7 14. b3 Qc8 15. Bg2
b5 16. Bb2 Qb7 17. Rad1 Qb6 18. Re2 a5 19. Red2 Rc8 20. Qb1 Rfd8 21. d4 b4 22.
d5 Bxd5 23. Nxd5 Nxd5 24. exd5 e4 25. dxc6 exf3 26. Bxf3 bxc3 27. Bxc3 Bxc3 28.
Rxd6 Rxd6 29. Rxd6 Be5 30. Rxg6+ fxg6 31. Qxg6+ Bg7 32. Qe6+ Kf8 33. Qxc8+ Kf7
34. Qb7+ Qxb7 35. cxb7 Be5 36. Kf1 Kf6 37. Ke2 Ke6 38. Be4 Bb8 39. f4 1-0

[Event "ODJM B 2017"]
[Site "Willingen GER"]
[Date "2017.06.04"]
[Round "1"]
[White "Kobald, Pierre"]
[Black "Rautenberg, Jakob"]
[Result "0-1"]
[Termination "normal"]
[Board "5"]
[WhiteElo "1287"]
[BlackElo "1695"]
[WhiteClock "00:13:12"]
[BlackClock "00:17:34"]
[PlyCount "80"]
[WhiteFideId "12983659"]
[BlackFideId "16214749"]
[EventCountry "GER"]
[EventRounds "9"]
[EventType "swiss"]
[EventDate "2017.06.03"]

1. e4 e5 2. Nf3 Nc6 3. Bc4 Bc5 4. O-O Nf6 5. d3 h6 6. Be3 Bb6 7. Nc3 d6 8. Qd2
Bg4 9. Nh4 Nd4 10. Kh1 Qd7 11. Nd5 Nxd5 12. Bxd5 c6 13. Bb3 Qe7 14. Nf5 Nxf5
15. exf5 Bxf5 16. Bxb6 axb6 17. Rae1 O-O 18. f4 Ra5 19. Rf2 Re8 20. Ref1 e4 21.
dxe4 Bxe4 22. Qd4 Rc5 23. Kg1 d5 24. Qe5 Qd7 25. Qh5 Qf5 26. Qxf5 Bxf5 27. Rc1
Ra5 28. c4 d4 29. Rd1 d3 30. a3 b5 31. Ba2 b4 32. Bb3 bxa3 33. Ra1 Rea8 34.
bxa3 Rxa3 35. Rfa2 Rxa2 36. Rxa2 Rxa2 37. Bxa2 Kf8 38. Kf2 Ke7 39. Ke3 Kd6 40.
Bb1 d2 0-1

[Event "ODJM B 2017"]
[Site "Willingen GER"]
[Date "2017.06.04"]
[Round "1"]
[White "Neppert, Paul"]
[Black "Bayer, Oliver"]
[Result "1-0"]
[Termination "normal"]
[Board "6"]
[WhiteElo "1598"]
[BlackElo "1284"]
[WhiteClock "00:31:53"]
[BlackClock "01:00:20"]
[PlyCount "75"]
[WhiteFideId "16219414"]
[BlackFideId "16243978"]
[EventCountry "GER"]
[EventRounds "9"]
[EventType "swiss"]
[EventDate "2017.06.03"]

1. e4 e5 2. Nf3 Nc6 3. Bc4 Nf6 4. d3 Bc5 5. Be3 Bb6 6. Nc3 d6 7. Bb3 Be6 8. Qd2
h6 9. h3 d5 10. exd5 Bxd5 11. Nxd5 Nxd5 12. Bxb6 axb6 13. O-O O-O 14. Rfe1 Re8
15. a3 Kh8 16. Qe2 Qd6 17. Qe4 Rad8 18. Nh4 Nf6 19. Qe3 Nd5 20. Qe4 Qd7 21. Nf5
Nf6 22. Qf3 e4 23. dxe4 Re5 24. Nxh6 gxh6 25. Qxf6+ Kg8 26. Re3 Rg5 27. Qxh6
Rg6 28. Qxg6+ Kf8 29. Qh6+ Ke8 30. Rg3 Ke7 31. Qg5+ Ke8 32. Qg8+ Ke7 33. Qxf7+
Kd6 34. Rd1+ Ke5 35. Rxd7 Rxd7 36. Qxd7 Kxe4 37. Qd5+ Kf4 38. Rf3# 1-0

[Event "ODJM B 2017"]
[Site "Willingen GER"]
[Date "2017.06.04"]
[Round "1"]
[White "Abicht, Aruna Sophia"]
[Black "Frank, Carolin"]
[Result "1-0"]
[Termination "normal"]
[Board "7"]
[WhiteElo "1281"]
[BlackElo "1487"]
[PlyCount "97"]
[BlackFideId "16207190"]
[EventCountry "GER"]
[EventRounds "9"]
[EventType "swiss"]
[EventDate "2017.06.03"]

1. e4 d5 2. exd5 Qxd5 3. Nc3 Qa5 4. d4 c6 5. Nf3 Nf6 6. Bc4 Bf5 7. Bd2 Qc7 8.
Ne5 e6 9. g4 Be4 10. Nxe4 Nxe4 11. f3 Nxd2 12. Qxd2 Bd6 13. O-O-O Nd7 14. Nd3
b5 15. Bb3 Nb6 16. a3 a5 17. Qe2 Qe7 18. Qe4 Qd7 19. Ne5 Bxe5 20. dxe5 Qc7 21.
Rd6 Rc8 22. f4 O-O 23. f5 exf5 24. gxf5 Kh8 25. Rd3 Rfd8 26. Rh3 Qd7 27. e6
Qd2+ 28. Kb1 f6 29. Qh4 h6 30. Rg1 a4 31. Qg4 Qg5 32. Qxg5 fxg5 33. Ba2 Rc7 34.
Kc1 Re7 35. Rxg5 Rf8 36. Rgh5 Rf6 37. Kd2 Nc8 38. Ke3 Nd6 39. Kf4 Kg8 40. Rg3
Kh7 41. Ke5 Nb7 42. Rd3 Rf8 43. Rd7 Rfe8 44. Rxe7 Rxe7 45. f6 gxf6+ 46. Kxf6
Re8 47. Re5 Kg8 48. e7+ Kh8 49. Bf7 1-0

[Event "ODJM B 2017"]
[Site "Willingen GER"]
[Date "2017.06.04"]
[Round "1"]
[White "Schulze, Lukas"]
[Black "Hierl, Johannes"]
[Result "1-0"]
[Termination "normal"]
[Board "8"]
[WhiteElo "1408"]
[BlackElo "1275"]
[PlyCount "65"]
[WhiteFideId "12956856"]
[BlackFideId "16235096"]
[EventCountry "GER"]
[EventRounds "9"]
[EventType "swiss"]
[EventDate "2017.06.03"]

1. Nf3 d5 2. c4 c6 3. d4 Nf6 4. Nc3 Bf5 5. cxd5 cxd5 6. Qb3 b6 7. Ne5 e6 8. Bg5
Be7 9. e3 Nfd7 10. Bxe7 Qxe7 11. Bb5 O-O 12. Nxd7 Nxd7 13. O-O Nf6 14. Rac1 Qd6
15. Ne2 Rfc8 16. Ba6 Rxc1 17. Rxc1 Ng4 18. Ng3 Qe7 19. Nxf5 exf5 20. Qxd5 Qe4
21. Qxe4 fxe4 22. Bb7 Re8 23. Bxe4 g6 24. Bd5 Nf6 25. Bb3 Re7 26. d5 Rd7 27.
Rd1 Kf8 28. Rd4 Ke7 29. e4 Kd6 30. f4 Ke7 31. e5 Nh5 32. d6+ Ke8 33. Ba4 1-0

[Event "ODJM B 2017"]
[Site "Willingen GER"]
[Date "2017.06.04"]
[Round "1"]
[White "Roth, Ludwig"]
[Black "Hoffmann, Kay"]
[Result "1-0"]
[Termination "normal"]
[Board "10"]
[WhiteElo "1425"]
[BlackElo "1059"]
[PlyCount "93"]
[WhiteFideId "12952621"]
[BlackFideId "16227000"]
[EventCountry "GER"]
[EventRounds "9"]
[EventType "swiss"]
[EventDate "2017.06.03"]

1. e4 d5 2. exd5 Qxd5 3. Nc3 Qa5 4. d4 c6 5. Bc4 Nf6 6. Bf4 Bf5 7. Nge2 e6 8.
O-O Qd8 9. Re1 Be7 10. Ng3 Bg6 11. Nge4 O-O 12. Qd2 Nbd7 13. Nd6 Nb6 14. Nxb7
Nxc4 15. Nxd8 Nxd2 16. Nxc6 Bd8 17. Bxd2 Bxc2 18. Rac1 Bf5 19. Nb5 a6 20. Nd6
Bg6 21. Bb4 Bc7 22. Ne7+ Kh8 23. Nxg6+ hxg6 24. Rxc7 Nd5 25. Rb7 Nxb4 26. Rxb4
Rad8 27. Ne4 Rd5 28. Nc5 a5 29. Ra4 Rfd8 30. Nb3 e5 31. Rxa5 Rxa5 32. Nxa5 exd4
33. Rd1 Re8 34. Nc6 Re2 35. Nxd4 Rxb2 36. Ra1 Kg8 37. a4 Kf8 38. a5 Ke8 39. a6
Rb8 40. a7 Ra8 41. Nb5 Kd7 42. Rc1 f6 43. Rc7+ Kd8 44. Rb7 Rc8 45. Rb8 Kd7 46.
Rxc8 Kxc8 47. a8=Q+ 1-0

[Event "ODJM B 2017"]
[Site "Willingen GER"]
[Date "2017.06.04"]
[Round "1"]
[White "Ljuca, Semir"]
[Black "Reuter, Marek"]
[Result "1-0"]
[Termination "normal"]
[Board "11"]
[WhiteElo "1263"]
[BlackElo "1649"]
[PlyCount "55"]
[WhiteFideId "16216130"]
[BlackFideId "16226712"]
[EventCountry "GER"]
[EventRounds "9"]
[EventType "swiss"]
[EventDate "2017.06.03"]

1. e4 c6 2. d4 d5 3. exd5 cxd5 4. Nc3 Nf6 5. Bf4 Bf5 6. Qf3 e6 7. Bd3 Nc6 8.
Nb5 Bxd3 9. Qxd3 Rc8 10. c3 a6 11. Na3 Bxa3 12. bxa3 Qa5 13. Bc1 Na7 14. Bb2
Nb5 15. Ne2 Ne4 16. f3 Nexc3 17. Nxc3 Nxc3 18. O-O Qb5 19. Qxb5+ Nxb5 20. Rac1
O-O 21. a4 Na7 22. Ba3 Rfe8 23. Rb1 Rc7 24. Rb6 Rd8 25. Rfb1 Rdd7 26. Rd6 Rc6
27. Rxb7 Rcxd6 28. Rxd7 1-0

[Event "ODJM B 2017"]
[Site "Willingen GER"]
[Date "2017.06.04"]
[Round "1"]
[White "Langer, Paul Georg"]
[Black "Schmidt, Pauline"]
[Result "1-0"]
[Termination "normal"]
[Board "12"]
[WhiteElo "1414"]
[BlackElo "1244"]
[PlyCount "113"]
[WhiteFideId "16230051"]
[BlackFideId "16209850"]
[EventCountry "GER"]
[EventRounds "9"]
[EventType "swiss"]
[EventDate "2017.06.03"]

1. e4 e5 2. Nf3 Nc6 3. Bc4 Bc5 4. c3 Nf6 5. d4 exd4 6. cxd4 Bb4+ 7. Bd2 Bxd2+
8. Nbxd2 d5 9. exd5 Nxd5 10. Qb3 Nce7 11. O-O O-O 12. Rfe1 c6 13. Qa3 Nf5 14.
Bxd5 Qxd5 15. Re5 Qd6 16. Qd3 Qg6 17. Qe4 f6 18. Rc5 Re8 19. Qc2 Bd7 20. Nb3
Rac8 21. Rc3 Qg4 22. Rd1 Qe4 23. Qxe4 Rxe4 24. Nc5 Re7 25. Nxb7 Rb8 26. Nc5
Rxb2 27. Nxd7 Rxd7 28. Rxc6 Rxa2 29. g4 Ne7 30. Rcc1 a5 31. Ra1 Rxa1 32. Rxa1
Ra7 33. Kf1 Nd5 34. Ke2 Kf7 35. Nd2 Ke6 36. Nc4 a4 37. Ne3 Nb4 38. Kd2 a3 39.
Kc3 Nd5+ 40. Kb3 a2 41. Rxa2 Rxa2 42. Kxa2 Nxe3 43. fxe3 Kd5 44. Kb3 g5 45. Kc3
h6 46. Kd3 Kd6 47. Kc4 Kc6 48. e4 Kd6 49. Kb5 Kd7 50. h3 Kd6 51. Kb6 Kd7 52. d5
Kd6 53. Kb5 Kd7 54. Kc5 Kc7 55. d6+ Kd7 56. Kd5 Kd8 57. Ke6 1-0

[Event "ODJM B 2017"]
[Site "Willingen GER"]
[Date "2017.06.04"]
[Round "1"]
[White "Schönweiler, Elisabeth"]
[Black "Ebeling, Gereon"]
[Result "1/2-1/2"]
[Termination "normal"]
[Board "13"]
[WhiteElo "1341"]
[BlackElo "1358"]
[PlyCount "118"]
[WhiteFideId "12997005"]
[BlackFideId "16223160"]
[EventCountry "GER"]
[EventRounds "9"]
[EventType "swiss"]
[EventDate "2017.06.03"]

1. e4 e5 2. Nf3 Nc6 3. Bc4 Bc5 4. d3 Nf6 5. Bg5 d6 6. c3 Be6 7. Nbd2 O-O 8. b4
Bb6 9. O-O a6 10. Re1 Nb8 11. a3 Nbd7 12. Qc2 Qc8 13. Rab1 Ng4 14. Be3 Nxe3 15.
fxe3 Nf6 16. Bxe6 fxe6 17. h3 Qe8 18. Nf1 Qg6 19. Kh2 Qh6 20. Kg1 Rf7 21. Qf2
Raf8 22. Qh4 Qxh4 23. Nxh4 Nh5 24. Nf3 h6 25. Kh2 Rf6 26. Ng3 Nxg3 27. Kxg3
Rg6+ 28. Kf2 Kh7 29. Rg1 Rgf6 30. Ke2 g5 31. Rbf1 Kg6 32. Nd2 h5 33. Rxf6+ Rxf6
34. Rf1 Rxf1 35. Nxf1 c5 36. Kf3 cxb4 37. axb4 a5 38. bxa5 Bxa5 39. c4 Bb6 40.
Nd2 Ba5 41. Nb3 b6 42. Na1 Bb4 43. Nc2 Ba5 44. Na3 Kf7 45. Ke2 Ke7 46. Nb1 Kd7
47. Nd2 Bxd2 48. Kxd2 Kc6 49. Kc3 d5 50. exd5+ exd5 51. Kb4 e4 52. cxd5+ Kxd5
53. d4 Kc6 54. g3 Kd6 55. Kb5 Kc7 56. Kc4 Kd6 57. Kb5 Kc7 58. Kb4 Kd6 59. Kb5
Kc7 1/2-1/2

[Event "ODJM B 2017"]
[Site "Willingen GER"]
[Date "2017.06.04"]
[Round "1"]
[White "Thorz, Maximilian"]
[Black "Grimm, Nicola Marie"]
[Result "1-0"]
[Termination "normal"]
[Board "14"]
[WhiteElo "1596"]
[BlackElo "1239"]
[PlyCount "89"]
[WhiteFideId "16220668"]
[BlackFideId "12988987"]
[EventCountry "GER"]
[EventRounds "9"]
[EventType "swiss"]
[EventDate "2017.06.03"]

1. d4 d5 2. c4 Nf6 3. Nf3 Bf5 4. Nc3 e6 5. Bg5 Be7 6. e3 c6 7. Qb3 Qc8 8. Rc1
Nbd7 9. Be2 Bd6 10. cxd5 exd5 11. Ne5 Bxe5 12. dxe5 Ne4 13. Nxe4 Bxe4 14. f3
Bf5 15. f4 Nb6 16. h3 Qd7 17. Qd1 Be4 18. Bg4 Bf5 19. b3 Qe6 20. Bxf5 Qxf5 21.
Qd4 h6 22. Bh4 Qh5 23. Bf2 Nd7 24. g4 Qg6 25. f5 Qg5 26. Qf4 O-O-O 27. Bg3 Rde8
28. e6 Qxf4 29. exd7+ Kxd7 30. Bxf4 g5 31. fxg6 fxg6 32. g5 hxg5 33. Bxg5 Rh5
34. h4 Re5 35. Kd2 a6 36. Rhf1 Rf5 37. Rxf5 gxf5 38. Rf1 Ke6 39. Kd3 Ke5 40. a4
b5 41. axb5 axb5 42. Rc1 Kd6 43. b4 Rh7 44. Kd4 Rh8 45. Ra1 1-0

[Event "ODJM B 2017"]
[Site "Willingen GER"]
[Date "2017.06.04"]
[Round "1"]
[White "Köber, Simon"]
[Black "Schilay, Maria"]
[Result "0-1"]
[Termination "normal"]
[Board "15"]
[WhiteElo "1232"]
[BlackElo "1322"]
[PlyCount "74"]
[WhiteFideId "16245083"]
[BlackFideId "12942979"]
[EventCountry "GER"]
[EventRounds "9"]
[EventType "swiss"]
[EventDate "2017.06.03"]

1. e4 e5 2. Nf3 Nc6 3. Bc4 Nf6 4. Nc3 Nxe4 5. Nxe4 d5 6. Bd3 dxe4 7. Bxe4 Bd6
8. c3 O-O 9. Bxc6 bxc6 10. O-O Bg4 11. h3 Bh5 12. d4 e4 13. g4 exf3 14. gxh5
Qf6 15. Qd3 Rfe8 16. Kh1 Re2 17. c4 Rae8 18. c5 Bf8 19. Kh2 R8e4 20. Be3 R4xe3
21. Qa6 Qg5 22. Rg1 Rxf2+ 23. Kh1 Qh4 24. Rxg7+ Kxg7 25. Rg1+ Kh8 26. Qc8 Qe7
27. Qg4 Rg2 28. Rxg2 fxg2+ 29. Kxg2 Qe4+ 30. Qxe4 Rxe4 31. Kg3 Rxd4 32. Kf3
Bxc5 33. a3 Rd3+ 34. Kg4 Kg7 35. Kg5 h6+ 36. Kh4 Bd6 37. a4 Rd4# 0-1

[Event "ODJM B 2017"]
[Site "Willingen GER"]
[Date "2017.06.04"]
[Round "1"]
[White "von der Weyden, Louis"]
[Black "Eichstaedt, Ina"]
[Result "1-0"]
[Termination "normal"]
[Board "16"]
[WhiteElo "1366"]
[BlackElo "1215"]
[PlyCount "83"]
[WhiteFideId "16207050"]
[BlackFideId "1270265"]
[EventCountry "GER"]
[EventRounds "9"]
[EventType "swiss"]
[EventDate "2017.06.03"]

1. c4 f5 2. Nc3 Nf6 3. g3 e6 4. Bg2 c6 5. d4 d5 6. c5 b6 7. b4 Nbd7 8. Be3 Ne4
9. Qc2 g6 10. f3 Nxc3 11. Qxc3 Bg7 12. Nh3 O-O 13. Bf4 Bf6 14. O-O Re8 15. Be3
e5 16. Rfe1 exd4 17. Bxd4 Bxd4+ 18. Qxd4 bxc5 19. bxc5 Qf6 20. Qf2 Ne5 21. Rad1
Bb7 22. e4 Rad8 23. f4 Nf7 24. e5 Qg7 25. Qd4 Bc8 26. Rb1 Nh6 27. Bf1 Re7 28.
Qa4 Rc7 29. Rb8 Qe7 30. Reb1 Be6 31. Ng5 Rxb8 32. Rxb8+ Kg7 33. Qa5 Rc8 34.
Nxe6+ Qxe6 35. Qxa7+ Nf7 36. Rxc8 Qxc8 37. Ba6 Qe6 38. Qc7 Kh6 39. Bc8 Qe8 40.
a4 Nd8 41. a5 Qf8 42. Qd6 1-0

[Event "ODJM B 2017"]
[Site "Willingen GER"]
[Date "2017.06.04"]
[Round "1"]
[White "Reuker, Ronja"]
[Black "Götz, Timon"]
[Result "0-1"]
[Termination "normal"]
[Board "17"]
[WhiteElo "1331"]
[BlackElo "1385"]
[PlyCount "76"]
[WhiteFideId "12947172"]
[BlackFideId "16245040"]
[EventCountry "GER"]
[EventRounds "9"]
[EventType "swiss"]
[EventDate "2017.06.03"]

1. e4 c5 2. Nf3 e6 3. Nc3 a6 4. d4 cxd4 5. Nxd4 Qc7 6. g3 b6 7. Bg2 Bb7 8. Be3
d6 9. Qd3 Nd7 10. O-O-O Rc8 11. Kb1 Ngf6 12. Rhe1 Nc5 13. Qc4 Nfxe4 14. Nxe4
Nxe4 15. Qxc7 Rxc7 16. Nb3 Nc5 17. Bxb7 Rxb7 18. Bf4 e5 19. Rd5 Be7 20. Be3 f6
21. f4 Nd7 22. Nd2 Rc7 23. Ne4 O-O 24. Nxd6 Bxd6 25. Rxd6 Rb8 26. Red1 Rbb7 27.
fxe5 fxe5 28. Re6 Kf7 29. Rdd6 b5 30. Rxa6 Nc5 31. Bxc5 Rxc5 32. Red6 Re7 33.
c3 e4 34. Kc2 e3 35. Kd1 e2+ 36. Ke1 Rf5 37. Kd2 e1=Q+ 38. Kd3 Qd1# 0-1

[Event "ODJM B 2017"]
[Site "Willingen GER"]
[Date "2017.06.04"]
[Round "1"]
[White "Wirth, Tobias"]
[Black "Lorenz, Anouk"]
[Result "1-0"]
[Termination "normal"]
[Board "18"]
[WhiteElo "1383"]
[BlackElo "1210"]
[PlyCount "99"]
[WhiteFideId "16230213"]
[BlackFideId "12990256"]
[EventCountry "GER"]
[EventRounds "9"]
[EventType "swiss"]
[EventDate "2017.06.03"]

1. Nf3 Nc6 2. g3 e5 3. d3 d5 4. Bg2 Nf6 5. O-O Be6 6. Nbd2 Qd7 7. Re1 O-O-O 8.
e4 Bd6 9. c3 Kb8 10. a4 h6 11. b4 g5 12. Ba3 Ne7 13. b5 Nc8 14. Qb1 c6 15.
Bxd6+ Qxd6 16. exd5 Bxd5 17. c4 Bxf3 18. Nxf3 Rhe8 19. bxc6 Qxc6 20. Nxe5 Qc7
21. a5 Ka8 22. a6 Nd6 23. axb7+ Nxb7 24. Nc6 Rxe1+ 25. Qxe1 a5 26. Nxd8 Qxd8
27. Qxa5+ Qxa5 28. Rxa5+ Kb8 29. Rb5 Kc8 30. Rxb7 Nd7 31. Rxd7 Kxd7 32. Bd5 f6
33. f4 gxf4 34. gxf4 Kd6 35. d4 h5 36. f5 h4 37. Kg2 Ke7 38. c5 Kd7 39. Kh3 Kc7
40. Kxh4 Kd7 41. Kg4 Kc7 42. h4 Kd7 43. h5 Ke7 44. h6 Kd7 45. h7 Kc7 46. h8=Q
Kd7 47. Qg7+ Kd8 48. Bc6 Kc8 49. Qb7+ Kd8 50. Qd7# 1-0

[Event "ODJM B 2017"]
[Site "Willingen GER"]
[Date "2017.06.04"]
[Round "1"]
[White "Winterberg, Martin"]
[Black "Borgmann, Simon"]
[Result "1-0"]
[Termination "normal"]
[Board "19"]
[WhiteElo "1207"]
[BlackElo "1647"]
[PlyCount "43"]
[WhiteFideId "16245091"]
[BlackFideId "16234677"]
[EventCountry "GER"]
[EventRounds "9"]
[EventType "swiss"]
[EventDate "2017.06.03"]

1. e4 e5 2. Nf3 Nc6 3. Bc4 Bc5 4. O-O d6 5. d3 Nf6 6. Be3 Bb6 7. Nbd2 Bg4 8.
Re1 O-O 9. Nf1 Nd4 10. c3 Nxf3+ 11. gxf3 Bh3 12. Ng3 h6 13. Kh1 Nh7 14. Rg1 Ng5
15. Nh5 Bxe3 16. fxe3 Be6 17. Bb3 g6 18. f4 Nh3 19. Rg2 Qh4 20. Qf3 Bg4 21.
Nf6+ Qxf6 22. Qxg4 1-0

[Event "ODJM B 2017"]
[Site "Willingen GER"]
[Date "2017.06.04"]
[Round "1"]
[White "Jung, Melanie"]
[Black "Sohr, Jim"]
[Result "1-0"]
[Termination "normal"]
[Board "20"]
[WhiteElo "1359"]
[BlackElo "1205"]
[PlyCount "109"]
[WhiteFideId "16222911"]
[BlackFideId "16245105"]
[EventCountry "GER"]
[EventRounds "9"]
[EventType "swiss"]
[EventDate "2017.06.03"]

1. e4 e5 2. Nf3 Nc6 3. d4 exd4 4. Nxd4 g6 5. Bb5 Bg7 6. Be3 Nge7 7. c3 O-O 8.
O-O a6 9. Bc4 d6 10. Nd2 Nxd4 11. Bxd4 b5 12. Bb3 Bb7 13. Re1 Qd7 14. Nf3 Rae8
15. Bxg7 Kxg7 16. e5 Nf5 17. Bd5 Bxd5 18. Qxd5 c6 19. Qd2 d5 20. Nd4 h6 21. a4
Re7 22. axb5 axb5 23. Ra6 Rc8 24. Nxf5+ Qxf5 25. Qd4 Qe6 26. Ra7 Rxa7 27. Qxa7
Re8 28. Kf1 Re7 29. Qd4 Kh7 30. f4 f6 31. Kf2 g5 32. g3 gxf4 33. gxf4 Re8 34.
Qd3+ Kh8 35. Qg6 fxe5 36. Qxe6 Rxe6 37. Rxe5 Rf6 38. f5 Kg7 39. Kf3 h5 40. Kf4
Kh6 41. Re6 Kg7 42. Ke5 Rf7 43. Rxc6 Rd7 44. Rd6 Rxd6 45. Kxd6 b4 46. Kxd5 bxc3
47. bxc3 Kf6 48. Ke4 h4 49. c4 h3 50. c5 Ke7 51. Ke5 Kd7 52. f6 Ke8 53. c6 Kd8
54. f7 Ke7 55. c7 1-0

[Event "ODJM B 2017"]
[Site "Willingen GER"]
[Date "2017.06.04"]
[Round "1"]
[White "Abou Wally, Adrian"]
[Black "Strohschneider, Leon"]
[Result "0-1"]
[Termination "normal"]
[Board "21"]
[WhiteElo "1197"]
[BlackElo "1302"]
[PlyCount "46"]
[WhiteFideId "16245113"]
[BlackFideId "16211634"]
[EventCountry "GER"]
[EventRounds "9"]
[EventType "swiss"]
[EventDate "2017.06.03"]

1. e4 d5 2. exd5 Qxd5 3. Nc3 Qd8 4. Bc4 Nf6 5. Nf3 Bg4 6. d3 e6 7. h3 Bh5 8.
O-O c6 9. a4 Be7 10. Bf4 Nbd7 11. b4 Bxb4 12. Bd2 Be7 13. Rb1 Qc7 14. Ne2 Bxf3
15. gxf3 Nd5 16. Bxd5 cxd5 17. d4 O-O 18. Bf4 Qc6 19. Kh1 Bf6 20. c3 Rfe8 21.
Rg1 e5 22. Bh6 Qe6 23. Rxb7 Qxh3# 0-1

[Event "ODJM B 2017"]
[Site "Willingen GER"]
[Date "2017.06.04"]
[Round "1"]
[White "Lohrmann, Linus"]
[Black "Youness, Fatima"]
[Result "0-1"]
[Termination "normal"]
[Board "22"]
[WhiteElo "1422"]
[BlackElo "1493"]
[PlyCount "166"]
[WhiteFideId "12982857"]
[BlackFideId "16214404"]
[EventCountry "GER"]
[EventRounds "9"]
[EventType "swiss"]
[EventDate "2017.06.03"]

1. e4 e5 2. Nf3 Nc6 3. d4 exd4 4. Bc4 Nf6 5. e5 d5 6. Bb5 Ne4 7. Nxd4 Bd7 8.
Be3 Nxe5 9. Qe2 c6 10. Bd3 Bd6 11. c4 Qa5+ 12. Bd2 Nxd3+ 13. Qxd3 Nxd2 14. Nxd2
Bb4 15. N4b3 Bxd2+ 16. Nxd2 O-O-O 17. O-O Be6 18. b4 Qxb4 19. Rab1 Qe7 20. cxd5
Rxd5 21. Qe3 b6 22. Rbc1 Kb7 23. Nf3 Qd6 24. Qc3 Rc5 25. Qxg7 Rd8 26. h3 h5 27.
Ng5 Qd7 28. Rcd1 Rd5 29. Rc1 Qe7 30. Nxe6 Qxe6 31. Rfe1 Qd7 32. Qf6 Rf5 33. Qh4
Re8 34. Rcd1 Rxe1+ 35. Rxe1 f6 36. Qb4 Re5 37. Rc1 Qe7 38. Qd2 Re2 39. Qd1 h4
40. a4 Kc7 41. Kf1 Re5 42. Qg4 Re4 43. Qf3 c5 44. Ra1 Qe5 45. Rd1 Rxa4 46. Qb3
Ra1 47. Qf7+ Kb8 48. Qg8+ Kb7 49. Qh7+ Ka6 50. Qd3+ b5 51. Qb3 Rxd1+ 52. Qxd1
b4 53. Qd3+ Kb6 54. Qd8+ Ka6 55. Qc8+ Kb6 56. Qd8+ Kb7 57. Qd7+ Qc7 58. Qd5+
Kb6 59. Qe6+ Qc6 60. Qe7 b3 61. Qd8+ Ka6 62. Qd3+ Qb5 63. Ke2 Qxd3+ 64. Kxd3
Ka5 65. Kc3 Ka4 66. Kb2 c4 67. g4 c3+ 68. Kc1 Ka3 69. f4 Ka2 70. g5 fxg5 71.
fxg5 b2+ 72. Kc2 b1=Q+ 73. Kxc3 a5 74. g6 Qxg6 75. Kd2 Kb2 76. Ke3 Qf5 77. Kd4
a4 78. Ke3 a3 79. Kd4 a2 80. Ke3 a1=Q 81. Kd4 Qa4+ 82. Ke3 Qff4+ 83. Ke2 Qae4+
0-1

[Event "ODJM B 2017"]
[Site "Willingen GER"]
[Date "2017.06.04"]
[Round "1"]
[White "Robelly, David"]
[Black "Kiefhaber, Julius"]
[Result "1-0"]
[Termination "normal"]
[Board "23"]
[WhiteElo "1058"]
[BlackElo "1187"]
[PlyCount "99"]
[WhiteFideId "16236300"]
[BlackFideId "16245121"]
[EventCountry "GER"]
[EventRounds "9"]
[EventType "swiss"]
[EventDate "2017.06.03"]

1. e4 e5 2. Nf3 Nc6 3. d4 exd4 4. Bc4 Nf6 5. e5 Ng4 6. Bxf7+ Kxf7 7. Ng5+ Ke8
8. Qxg4 Qe7 9. f4 d6 10. e6 h6 11. Qh5+ Kd8 12. Nf7+ Ke8 13. Nxh8+ Kd8 14. Nf7+
Ke8 15. Nxd6+ Kd8 16. Nf7+ Ke8 17. Nxh6+ Kd8 18. Nf7+ Ke8 19. f5 Bxe6 20. fxe6
Qxe6+ 21. Ne5+ Ke7 22. Bg5+ Kd6 23. Bf4 Re8 24. O-O Nxe5 25. Bxe5+ Qxe5 26.
Qxe5+ Rxe5 27. Rxf8 Re2 28. Na3 a6 29. Rd1 c5 30. Rd2 Re7 31. Nc4+ Kc7 32. Rf5
b6 33. Rdf2 Kc6 34. Ne5+ Kb5 35. c4+ Kb4 36. Nc6+ Ka4 37. Nxe7 Kb4 38. a3+ Kxc4
39. Rc2+ Kb3 40. Rff2 g5 41. Nc8 b5 42. Rxc5 a5 43. Nd6 b4 44. Rf3+ Kxb2 45.
axb4 axb4 46. Rc4 b3 47. Rxd4 g4 48. Nc4+ Kc2 49. Rd2+ Kc1 50. Rf1# 1-0

[Event "ODJM B 2017"]
[Site "Willingen GER"]
[Date "2017.06.04"]
[Round "1"]
[White "Chouiki, Tarek"]
[Black "de Veer, Mara"]
[Result "1-0"]
[Termination "normal"]
[Board "24"]
[WhiteElo "1181"]
[BlackElo "1052"]
[PlyCount "73"]
[WhiteFideId "16212266"]
[BlackFideId "16217349"]
[EventCountry "GER"]
[EventRounds "9"]
[EventType "swiss"]
[EventDate "2017.06.03"]

1. e4 c5 2. Nf3 d6 3. c3 Nf6 4. e5 dxe5 5. Nxe5 Qd5 6. d4 e6 7. Bc4 Qxg2 8. Qf3
Qxf3 9. Nxf3 cxd4 10. Nxd4 a6 11. Bg5 Nbd7 12. Nd2 b5 13. Be2 Bb7 14. Rg1 h6
15. Bh4 g5 16. Bg3 Bc5 17. N2b3 Bb6 18. O-O-O Rc8 19. Rge1 Be4 20. Bd3 Bxd3 21.
Rxd3 a5 22. Nf5 Kf8 23. Nd6 Rb8 24. Ne4 Ra8 25. Nxf6 Nxf6 26. Be5 Kg7 27. Rf3
Bd8 28. Nc5 h5 29. Nd7 Rh6 30. Rg1 Rg6 31. Nxf6 Bxf6 32. Rxf6 Rxf6 33. Rxg5+
Kf8 34. Bxf6 h4 35. Rh5 Ke8 36. Rh8+ Kd7 37. Rxa8 1-0